| 000 | 01062nab a22002537a 4500 | ||
|---|---|---|---|
| 999 |
_c6556 _d6556 |
||
| 003 | OSt | ||
| 005 | 20260224094604.0 | ||
| 008 | 190506c xxu||||| |||| 00| 0 spa d | ||
| 040 | _cPJ | ||
| 100 |
_97139 _aChueca, Marcela Alejandra |
||
| 245 | 1 | 3 |
_aLa necesidad de una LCT más inclusiva, igualitaria y que respete los diversos e individuales proyectos de vida /
_cMarcela Alejandra Chueca. |
| 260 |
_aBuenos Aires : _bAbeledoPerrot, _c2024. |
||
| 300 | _ap. 27-34 | ||
| 500 | _aCita: TR LALEY AR/DOC/1499/2024. | ||
| 505 | _aSumario: I. Introducción.— II. Conclusiones.— III. Bibliografía. | ||
| 505 | _t¿Te interesa el texto completo? Comunicate al correo: koha@justierradelfuego.gov.ar | ||
| 650 | 0 |
_91316 _aDERECHO LABORAL |
|
| 650 | 0 |
_91323 _aCONTRATO DE TRABAJO |
|
| 650 | 0 |
_91803 _aRELACIONES LABORALES |
|
| 650 | 0 |
_94428 _aRELACIÓN DE DEPENDENCIA |
|
| 650 | 0 |
_91402 _aJORNADA DE TRABAJO |
|
| 773 | 0 |
_02751 _93202 _dBuenos Aires : AbeledoPerrot, 2013- _tRevista de derecho laboral y seguridad social. Nº 14 - Julio 2024 |
|
| 942 |
_2udc _cANA |
||